000 00896nam a2200205 a 4500
001 000041435
005 20201002034904.0
008 131004s2005 sp 000 0 spa d
040 _aDO-SdBNP
_bspa
_cBNPHU
100 1 _aRey Tristán, Eduardo
_968108
245 1 3 _aLa izquierda revolucionaria uruguaya, 1955-1973 /
_cEduardo Rey Tristán.
260 _aSevilla :
_bEscuela de Estudios Hispano-Americanos. : Universidad de Sevill : Diputación de Sevilla,
_c2005.
300 _a472 p. ;
_c24 cm.
490 1 _aPublicaciones de la Escuela de Estudios Hispanoamericanos
_v435
504 _aBibliografía : p. 469-472
504 _aIncluye referencias bibliográficas y notas al pie de las páginas
710 1 _aSevilla.
_bDiputación Provincial
_968109
710 2 _aEscuela de Estudios Hispano-Americanos
_930487
830 0 _aPublicaciones de la Escuela de Estudios Hispanoamericanos
_v435
_961056
999 _c40925
_d40925